Cinco salvaciones : (Record no. 105405)

MARC details
000 -LEADER
campo de control de longitud fija 01158nam a22002531 4500
001 - NÚMERO DE CONTROL
campo de control 105405
003 - IDENTIFICADOR DE NÚMERO DE CONTROL
campo de control ES-MaACL
005 - FECHA Y HORA DE LA ÚLTIMA TRANSACCIÓN
campo de control 20250917063043.0
007 - CAMPO FIJO DE DESCRIPCIÓN FÍSICA--INFORMACIÓN GENERAL
campo de control de longitud fija t|
008 - DATOS DE LONGITUD FIJA--INFORMACIÓN GENERAL
campo de control de longitud fija 060706s1953 sp ||||0| spa d
080 ## - NÚMERO DE LA CLASIFICACIÓN DECIMAL UNIVERSAL
Número de la Clasificación Decimal Universal 86-4"19"
100 1# - ENTRADA PRINCIPAL--NOMBRE DE PERSONA
Nombre de persona Maldonado de Guevara, Francisco,
Fechas asociadas al nombre 1891-1985
9 (RLIN) 75725
245 10 - MENCIÓN DEL TÍTULO
Título Cinco salvaciones :
Resto del título Salmo en la cárcel ; El ocaso de los héroes ; Emblemática y política ; El burlador de la noche ; La renuncia de la magia en el "Quijote" y en el "Fausto" : [ensayos sobre literatura española] /
Mención de responsabilidad, etc. Francisco Maldonado de Guevara.
260 ## - PUBLICACIÓN, DISTRIBUCIÓN, ETC.
Lugar de publicación, distribución, etc. Madrid :
Nombre del editor, distribuidor, etc. Revista de Occidente,
Fecha de publicación, distribución, etc. 1953 (
Fabricante Viuda de Galo Sáez)
300 ## - DESCRIPCIÓN FÍSICA
Extensión 335 p ;
Dimensiones 23 cm.
600 14 - PUNTO DE ACCESO ADICIONAL DE MATERIA--NOMBRE DE PERSONA
Nombre de persona Cervantes Saavedra, Miguel de,
Fechas asociadas al nombre 1547-1616.
Título de la obra Don Quijote de la Mancha
9 (RLIN) 37612
600 14 - PUNTO DE ACCESO ADICIONAL DE MATERIA--NOMBRE DE PERSONA
Nombre de persona Goethe, Johann Wolfgang von,
Fechas asociadas al nombre 1749-1832.
Título de la obra Faust
9 (RLIN) 57573
650 #4 - PUNTO DE ACCESO ADICIONAL DE MATERIA--TÉRMINO DE MATERIA
Término de materia o nombre geográfico como elemento de entrada Literatura española-
Subdivisión general Historia y crítica
9 (RLIN) 14560
650 00 - PUNTO DE ACCESO ADICIONAL DE MATERIA--TÉRMINO DE MATERIA
Término de materia o nombre geográfico como elemento de entrada Magia-
Subdivisión general En la literatura.
9 (RLIN) 14731
740 32 - ENTRADA AGREGADA--TÍTULO RELACIONADO/ANALÍTICO NO CONTROLADO
Título relacionado o analítico no controlado La renuncia de la magia en el "Quijote" y en el "Fausto"
852 ## - LOCALIZACIÓN
Ubicación ES-MaACL
Número de control de estantería AND-201
Nota libre - Biblioteca Juan Andrade
852 ## - LOCALIZACIÓN
Ubicación ES-MaACL
Número de control de estantería C-7270
Holdings
Estatus retirado Estado de pérdida Estado de daño No para préstamo Biblioteca de origen Biblioteca actual Ubicación en estantería Fecha de adquisición Fuente de adquisición Total de préstamos Signatura topográfica completa Código de barras Visto por última vez Precio de reemplazo Tipo de ítem Koha
        Biblioteca del Ateneo de Madrid Biblioteca del Ateneo de Madrid Sala Palomar 17/01/2008     C-7270 1110038 23/02/2023 23/02/2023 Libro impreso
        Biblioteca del Ateneo de Madrid Biblioteca del Ateneo de Madrid Depósito 2 17/01/2008     AND-201 1110037 23/02/2023 23/02/2023 Libro impreso